[Event "Bad Soden sim1"]
[Site "Bad Soden"]
[Date "2019.10.03"]
[Round "1.28"]
[White "Anand, Viswanathan"]
[Black "Jarosch, Wolfram"]
[Result "1-0"]
[WhiteElo "2765"]
[BlackElo "1668"]
[PlyCount "41"]
[EventDate "2019.10.03"]
[EventType "simul"]
[EventRounds "1"]
[EventCountry "GER"]
[SourceTitle "EXT 2021"]
[Source "ChessBase"]
[SourceDate "2020.10.23"]
[SourceVersion "1"]
[SourceVersionDate "2020.10.23"]
[SourceQuality "1"]

1. d4 Nf6 2. Nf3 d5 3. Bf4 c5 4. e3 Nc6 5. Nbd2 Bf5 6. dxc5 e6 7. Nb3 Ne4 8. Nfd4 Bg6 9. Bb5 Rc8 10. 0-0 Qd7 11. c4 Nxc5 12. cxd5 Qxd5 13. Rc1 Nxb3 14. Qxb3 Be4 15. Nxc6 bxc6 16. Bc4 Qd8 17. Ba6 Bd5 18. Qa4 e5 19. Bxe5 Qg5 20. e4 Be6 21. Bxc8 1-0